Match the Song to the Rock Artist/Band (1990s) - Statistics

General Stats
  • This quiz has been taken 88 times
  • The average score is 10 of 15
Answer Stats
Hint Answer % Correct
November Rain Guns N' Roses
94%
Everlong Foo Fighters
82%
Don't Speak No Doubt
81%
Man in the Box Alice in Chains
76%
Killing in the Name Rage Against the Machine
74%
Enjoy the Silence Depeche Mode
73%
Alive Pearl Jam
69%
Cryin' Aerosmith
66%
Wind of Change Scorpions
66%
Holy Wars... The Punishment is Due Megadeth
63%
Celebrity Skin Hole
53%
Cradle of Love Billy Idol
45%
Doubleback ZZ Top
42%
Moneytalks AC/DC
40%
Blue Sky Mine Midnight Oil
35%
No matching quizzes found
Score Distribution
Percent of People with Each Score
Percentile by Number Answered
Your Score History
You have not taken this quiz